The Alchemist/ (Record no. 199519)

MARC details
000 -LEADER
fixed length control field 00785nam a22002057a 4500
005 - DATE AND TIME OF LATEST TRANSACTION
control field 20231219143800.0
008 - FIXED-LENGTH DATA ELEMENTS--GENERAL INFORMATION
fixed length control field 110317t xxu||||| |||| 00| 0 eng d
010 ## - LCCN (DPL NO)
LC control number B-756685-689 ENG-18.10.23
020 ## - INTERNATIONAL STANDARD BOOK NUMBER
International Standard Book Number 9788196353919
Terms of availability 499.00
035 ## - SYSTEM CONTROL NUMBER
System control number B-756685-689
037 ## - SOURCE OF ACQUISITION
Source of stock number/acquisition Pansy Books
082 ## - DEWEY DECIMAL CLASSIFICATION NUMBER
Classification number 869.342
100 1# - MAIN ENTRY--PERSONAL NAME
9 (RLIN) 26630
Personal name Jonson, Ben
245 10 - TITLE STATEMENT
Title The Alchemist/
Statement of responsibility, etc By - Ben JonSon
260 ## - PUBLICATION, DISTRIBUTION, ETC. (IMPRINT)
Place of publication, distribution, etc Delhi
Name of publisher, distributor, etc R. Sons Books
Date of publication, distribution, etc 2023
270 ## - ADDRESS
Address Ho. No. 1658, Gali No. 18, Nathu Colony Nathupura,
City Delhi
Postal code 110084
300 ## - PHYSICAL DESCRIPTION
Extent 176p.
Dimensions 21cm (HB)
942 ## - ADDED ENTRY ELEMENTS (KOHA)
Source of classification or shelving scheme Dewey Decimal Classification
Item type English Books
Call number suffix JON
Classification part 869.342
Holdings
Withdrawn status Lost status Source of classification or shelving scheme Damaged status Not for loan Collection code Home library Current library Date acquired Source of acquisition Cost, normal purchase price Total Checkouts Total Renewals Full call number Barcode Date last seen Copy number Cost, replacement price Koha item type Checked out
    Dewey Decimal Classification     Non-fiction Central Jail Tihar Central Jail Tihar 19/12/2023 Pansy Books/187/5.12.23/44/23.11.23/6.12.23 499.00 1   JON 869.342 B-756688 27/04/2024 1 499.00 English Books  
    Dewey Decimal Classification     Non-fiction Central Library Central Library 19/12/2023 Pansy Books/187/5.12.23/44/23.11.23/6.12.23 499.00 2 3 JON 869.342 B-756685 03/12/2024 1 499.00 English Books  
    Dewey Decimal Classification     Non-fiction Mobile Library Mobile Library 19/12/2023 Pansy Books/187/5.12.23/44/23.11.23/6.12.23 499.00     JON 869.342 B-756686 19/12/2023 1 499.00 English Books  
    Dewey Decimal Classification     Non-fiction Peshwa Road Peshwa Road 19/12/2023 Pansy Books/187/5.12.23/44/23.11.23/6.12.23 499.00 1   JON 869.342 B-756687 15/05/2024 1 499.00 English Books  
    Dewey Decimal Classification     Non-fiction Shahdara Branch Shahdara Branch 19/12/2023 Pansy Books/187/5.12.23/44/23.11.23/6.12.23 499.00 3   JON 869.342 B-756689 22/05/2026 1 499.00 English Books 05/06/2026

© Delhi Public Library
Hit Counter
free hit counter